|
|
|
|
| LEADER |
01552nam a2200397 a 4500 |
| 001 |
EBC564710 |
| 003 |
MiAaPQ |
| 005 |
20200520144314.0 |
| 006 |
m o d | |
| 007 |
cr cn||||||||| |
| 008 |
040920s2004 enkab sb 001 0 eng |
| 010 |
|
|
|z 2004273797
|
| 020 |
|
|
|z 0340809302
|
| 035 |
|
|
|a (MiAaPQ)EBC564710
|
| 035 |
|
|
|a (Au-PeEL)EBL564710
|
| 035 |
|
|
|a (CaPaEBR)ebr10400374
|
| 035 |
|
|
|a (CaONFJC)MIL266700
|
| 035 |
|
|
|a (OCoLC)648757463
|
| 040 |
|
|
|a MiAaPQ
|c MiAaPQ
|d MiAaPQ
|
| 043 |
|
|
|a cl-----
|
| 050 |
|
4 |
|a HC125
|b .L37445 2004
|
| 082 |
0 |
4 |
|a 338.98
|2 22
|
| 245 |
0 |
0 |
|a Latin America transformed
|h [electronic resource] :
|b globalization and modernity /
|c edited by Robert N. Gwynne and Cristobal Kay.
|
| 250 |
|
|
|a 2nd ed.
|
| 260 |
|
|
|a London :
|b Arnold ;
|a New York :
|b Distributed in the United States of America by Oxford University Press,
|c 2004.
|
| 300 |
|
|
|a xix, 316 p. :
|b ill., maps.
|
| 504 |
|
|
|a Includes bibliographical references (p. 268-310) and index.
|
| 533 |
|
|
|a Electronic reproduction. Ann Arbor, MI : ProQuest, 2015. Available via World Wide Web. Access may be limited to ProQuest affiliated libraries.
|
| 650 |
|
0 |
|a Economic stabilization
|x Social aspects
|z Latin America.
|
| 651 |
|
0 |
|a Latin America
|x Social conditions.
|
| 651 |
|
0 |
|a Latin America
|x Politics and government.
|
| 655 |
|
4 |
|a Electronic books.
|
| 700 |
1 |
|
|a Gwynne, Robert N.
|
| 700 |
1 |
|
|a Kay, Cristobal.
|
| 710 |
2 |
|
|a ProQuest (Firm)
|
| 856 |
4 |
0 |
|u https://ebookcentral.proquest.com/lib/matrademy/detail.action?docID=564710
|z Click to View
|